Parole - Måneskin #1 - Statistics

Statistiche generali
  • Questo quiz è stato fatto 161 volte
  • Il punteggio medio è 260 su 351
Statistiche sulle risposte
Parole % Corretto
E
97%
è
97%
e
97%
di
96%
ma
96%
Ma
96%
a
93%
i
92%
no
92%
Fuori
91%
fuori
91%
la
91%
Loro
91%
loro
91%
buoni
90%
testa
90%
da
89%
tu
89%
Tu
89%
zitti
89%
che
88%
Che
88%
sa
88%
non
87%
Non
87%
se
86%
Se
86%
diverso
84%
Siamo
84%
siamo
84%
con
83%
Con
83%
diversi
83%
mi
83%
le
82%
Sono
82%
sono
82%
gente
81%
sanno
80%
Parla
78%
parla
78%
sei
78%
Vi
78%
diversa
77%
signori
77%
coglioni
76%
fra'
76%
fra
76%
gli
76%
parlo
76%
Qui
75%
qui
75%
ditta
74%
stare
74%
attori
72%
conviene
72%
fango
72%
scusa
72%
siga
72%
signore
72%
camminando
71%
cosa
71%
ci
70%
Io
70%
sto
70%
tanto
70%
spacciatori
69%
Vestiti
69%
buonasera
68%
sporchi
68%
Per
67%
purtroppo
67%
cazzo
66%
Giallo
66%
in
66%
li
66%
tipo
66%
toccarvi
66%
galla
65%
mamma
65%
manca
65%
dove
64%
l'aria
64%
questo
64%
strana
64%
ho
63%
portami
63%
salto
62%
fare
61%
sempre
61%
salita
60%
calci
59%
chiuso
59%
credo
59%
Mo
59%
strada
59%
posso
58%
pagine
57%
prendo
57%
notti
56%
Scusami
55%
anche
54%
Noi
54%
scritto
54%
Scritto
54%
Troppe
54%
lacrime
53%
Quindi
53%
scalatori
53%
'sti
53%
il
52%
portoni
51%
c'è
50%
perché
50%
poi
49%
stavo
49%
allenando
48%
dal
48%
Dal
48%
del
48%
casa
47%
mia
45%
ora
45%
Dio
43%
alto
42%
naturale
42%
sale
41%
Sguardo
41%
una
41%
visto
41%
lapide
40%
potenza
40%
Questi
39%
senti
39%
aoh
38%
rapide
38%
tempo
37%
tuo
37%
oblio
36%
scalare
36%
vento
36%
tagliarmi
35%
vista
35%
fermi
34%
l'ebrezza
34%
prova
34%
punto
34%
sopra
34%
uomini
34%
risalirai
33%
schiena
33%
senso
32%
trovi
31%
fermarmi
30%
giusto
30%
quell'
30%
vuoi
29%
ali
28%
altezza
28%
macchina
28%
alla
27%
ricercherò
27%
cera
26%
ritenta
22%
Nessun quiz corrispondente trovato
Distribuzione punteggi
Percentuale di utenti per punteggio
Percentile per numero di risposta
I tuoi punteggi nel tempo
Non hai fatto questo quiz